Normal view MARC view

Entry Personal Name

Number of records used in: 1

001 - CONTROL NUMBER

  • control field: 53480

003 - CONTROL NUMBER IDENTIFIER

  • control field: dpl

005 - DATE AND TIME OF LATEST TRANSACTION

  • control field: 20121101111347.0

008 - FIXED-LENGTH DATA ELEMENTS

  • fixed length control field: 121101|||a|||||| | ||| d

040 ## - CATALOGING SOURCE

  • Original cataloging agency: dpl
  • Transcribing agency: dpl

100 ## - HEADING--PERSONAL NAME

  • Personal name: Jordan, Jason,
  • Dates associated with a name: 1970-

670 ## - SOURCE DATA FOUND

  • Source citation: Work cat.: (dpl)0: Jordan, Jason, 1970-, Cracking the sales management code :, c2012

670 ## - SOURCE DATA FOUND

  • Source citation: Work cat.: (dpl)0: Jordan, Jason, 1970-, Cracking the sales management code :, c2012

© Delhi Public Library
Hit Counter
free hit counter